[Event "RUS-ch Youth U21 Boys 2018"]
[Site "Loo"]
[Date "2018.04.23"]
[Round "4"]
[White "Triapishko, Alexandr"]
[Black "Drygalov, Andrey"]
[Result "1-0"]
[WhiteElo "2509"]
[BlackElo "2434"]
[Annotator "TA"]
[PlyCount "97"]
[EventDate "2018.??.??"]
[EventType "tourn"]
[EventCountry "RUS"]
[SourceTitle "playchess.com"]
[Source "ChessBase"]
[SourceQuality "1"]

{[%evp 20,97,0,0,17,3,8,12,22,33,25,0,8,5,24,24,24,24,22,21,26,27,27,17,16,23,24,22,22,22,27,27,22,17,20,9,22,22,34,32,32,18,50,50,57,22,24,24,43,31,75,64,83,77,46,62,300,338,325,318,524,519,412,401,533,489,1070,617,29989,29990,29990,29991,29992,29993,29993,29994,29995,29996,29996,29997]} 1. e4 e5 2. Nf3 Nc6 3. Nc3 Nf6 4. d4 exd4 5. Nxd4 Bb4 6. Nxc6 bxc6 7. Bd3 d5 8. exd5 cxd5 9. O-O O-O 10. a3 {C47: Scotch Four Knights and Four Knights with 4 g3} (10. Bg5 c6 11. Na4 h6 12. Bh4 Re8 13. c4 dxc4 14. Bxc4 Qxd1 15. Rfxd1 g5 16. Bg3 Ne4 17. a3 Bf8 18. Rac1 Nxg3 19. hxg3 Rb8 20. b4 Bf5 21. Bd3 Bxd3 22. Rxd3 {½-½ (36) Artemiev,V (2691)-Carlsen,M (2837) Riadh 2017}) 10... Be7 11. Bf4 {LiveBook: 4 Games} c6 12. Re1 {The position is equal.} Bd6 $146 ({Predecessor:} 12... a5 13. h3 Be6 14. Qf3 Re8 15. Ne2 Qb6 16. Rab1 a4 17. Bg5 Nd7 18. Bxe7 Rxe7 {½-½ (32) Chitescu,I (2263)-Brandberg Soeder,J (2262) ICCF email 2011}) 13. Qd2 Qc7 14. Bxd6 Qxd6 15. h3 Bd7 16. b4 a5 17. Na4 axb4 18. axb4 Rfe8 19. Nc5 Rxa1 20. Rxa1 Bc8 21. Re1 Rxe1+ 22. Qxe1 Kf8 23. Qa1 {And now Qa8 would win.} Bd7 24. Qd4 Qe7 25. Kf1 h6 26. Qf4 Be8 27. Bf5 Qd8 28. g4 Kg8 29. Qe5 Kf8 $1 30. h4 {[%cal Bh3h4,Bh4h5][%mdl 32]} Ng8 31. h5 Nf6 32. f3 Qe7 33. Qf4 Kg8 34. Kf2 Kf8 35. Qb8 $36 {[%mdl 2048] White fights for an advantage.} Kg8 36. c3 Kf8 37. Nb3 Nd7 $2 (37... g6 $14 38. hxg6 fxg6) 38. Bxd7 $1 $18 Qxd7 39. Nd4 g6 $2 {[#]} (39... Kg8 40. Qe5 Kh7) 40. Qe5 $1 ({Weaker is} 40. hxg6 fxg6 41. Qf4+ Kg7 $16) 40... Kg8 41. g5 hxg5 42. h6 {[%csl Gh6][%cal Re5g7]} f5 {[#]} (42... f6 $142 43. Qxf6 Qc7 44. Qxg5 Qh2+ 45. Ke3 Qh1 46. h7+ Qxh7 47. Nxc6 Bxc6) 43. Nxc6 $1 {[%mdl 512]} Kh7 (43... Qxc6 44. Qg7#) 44. Ne7 {[%csl Gh6][%cal Re5g7] White mates.} Qa7+ 45. Kg2 {[%csl Gh6][%cal Re5g7]} Qa2+ 46. Kh3 {[%csl Gh6][%cal Re5g7]} g4+ 47. Kh4 {[%csl Gh6][%cal Re5g7]} Qf2+ 48. Kg5 {[%csl Gh6][%cal Re5g7]} Qd2+ 49. f4 {Precision: White = 80%, Black = 37%.} 1-0

[Event "RUS-ch Youth U21 Boys 2018"]
[Site "Loo"]
[Date "2018.04.23"]
[Round "4"]
[White "Khanin, Semen"]
[Black "Lobanov, Sergei"]
[Result "1/2-1/2"]
[WhiteElo "2468"]
[BlackElo "2481"]
[Annotator "TA"]
[PlyCount "81"]
[EventDate "2018.??.??"]
[EventType "tourn"]
[EventCountry "RUS"]
[SourceTitle "playchess.com"]
[Source "ChessBase"]
[SourceQuality "1"]

{[%evp 34,81,24,30,22,33,30,0,0,-87,33,0,0,0,0,0,0,0,0,0,0,0,0,0,0,0,0,0,0,0,0,0,0,0,0,0,0,0,0,0,0,0,0,0,0,0,0,0,0,0]} 1. e4 c6 2. d4 d5 3. Nd2 dxe4 4. Nxe4 Bf5 5. Ng3 Bg6 6. h4 h6 7. Nf3 Nd7 8. h5 Bh7 9. Bd3 Bxd3 10. Qxd3 e6 11. Bd2 Ngf6 12. O-O-O Be7 13. Kb1 O-O 14. Ne4 c5 {B19: Classical Caro-Kann: 4...Bf5 main line} 15. g4 Nxg4 16. Qe2 cxd4 17. Nxd4 Ndf6 18. Nxf6+ {LiveBook: 3 Games} Nxf6 {[#]} 19. Bxh6 $1 {[%mdl 512]} gxh6 {[#]} 20. Rhg1+ $146 (20. Nf5 $5 exf5 21. Rxd8 Bxd8 22. Qe3 $11) ({Predecessor:} 20. Nxe6 Qb6 21. Rhg1+ Kh8 22. Nxf8 Bxf8 23. Rd3 Re8 24. Qf3 Bg7 25. c3 Qb5 26. Rd4 b6 27. Qg2 Bf8 28. a4 Qf5+ 29. Ka1 {½-½ (29) Cornette,M (2552)-Magem Badals,J (2576) France 2010}) 20... Kh8 {[#] Strongly threatening ...Qd5.} 21. Qe3 {[#]} (21. Nf5 $1 $11 {[%mdl 512]} exf5 22. Rxd8 Bxd8 23. Qd2) 21... Ng8 (21... Rg8 $1 $17 {[%cal Rg8g1] Hoping for ...Rxg1.} 22. Qxh6+ Nh7 23. Nxe6 {[#]} Qd6 $1 {[%mdl 512]} 24. Rxg8+ Rxg8 25. Rxd6 Rg1+ 26. Qc1 Rxc1+ 27. Kxc1 Bxd6) 22. Rxg8+ (22. Nxe6 $5 Qxd1+ 23. Rxd1 fxe6 24. Rd7 $14) 22... Kxg8 {The position is equal.} 23. Qxh6 Bg5 24. Rg1 f6 {[#]} 25. Rxg5+ $1 {[%mdl 512]} fxg5 26. Qg6+ Kh8 27. Qh6+ Kg8 28. Qg6+ Kh8 29. Qh6+ Kg8 30. Qg6+ Kh8 31. Qh6+ Kg8 32. Qg6+ Kh8 33. Qh6+ Kg8 34. Qg6+ Kh8 35. Qh6+ Kg8 36. Qg6+ Kh8 37. Qh6+ Kg8 38. Qg6+ Kh8 39. Qh6+ Kg8 40. Qg6+ Kh8 41. Qh6+ 1/2-1/2

[Event "RUS-ch Youth U21 Boys 2018"]
[Site "Loo"]
[Date "2018.04.23"]
[Round "4"]
[White "Yeletsky, Ivan"]
[Black "Sarana, Alexey"]
[Result "1-0"]
[WhiteElo "2430"]
[BlackElo "2556"]
[Annotator "TA"]
[PlyCount "63"]
[EventDate "2018.??.??"]
[EventType "tourn"]
[EventCountry "RUS"]
[SourceTitle "playchess.com"]
[Source "ChessBase"]
[SourceQuality "1"]

{[%evp 19,63,16,26,20,27,27,48,39,32,38,58,52,54,43,57,50,47,56,53,-21,-33,-31,-15,-32,0,0,34,24,28,27,342,354,412,424,399,389,404,416,483,468,1163,1149,1447,1446,1385,1378]} 1. e4 c5 2. Nf3 d6 3. d4 cxd4 4. Nxd4 Nf6 5. Nc3 a6 6. Bg5 Nbd7 7. Qe2 {B94: Sicilian Najdorf: 6 Bg5 Nbd7} (7. Bc4 h6 8. Bh4 g6 9. Qe2 e5 10. Nb3 Be7 11. a4 Nb6 12. Bd3 Be6 13. a5 Nbd7 14. Bc4 Rc8 15. Bxe6 fxe6 16. O-O {1-0 (79) Nepomniachtchi,I (2751)-Fedoseev,V (2724) Moscow 2018}) 7... h6 8. Bh4 g6 9. f4 e5 10. fxe5 dxe5 {LiveBook: 73 Games} 11. Nb3 Qc7 12. Qf3 Bg7 $146 ({Predecessor:} 12... g5 13. Bg3 Bb4 14. Be2 b6 {½-½ (43) Doric,N (2341)-Oren,I (2283) ICCF email 2016}) 13. a4 b6 14. Bd3 Bb7 15. O-O O-O 16. Rad1 Rae8 17. Qe2 Qc8 18. Bc4 Nh5 19. Rf3 (19. g3 $1 $14) 19... Nf4 $11 20. Qf1 g5 21. Bf2 Kh8 22. Nd5 $1 $36 {[%mdl 2048] White has good play.} f5 {White should prevent ...Nxd5.} 23. Rc3 {Bb5 is the strong threat.} fxe4 24. Bxa6 Qb8 $2 {[%mdl 8192]} (24... Nc5 $1 $11 25. Nxc5 bxc5) 25. Nxf4 $18 exf4 26. Rxd7 Bxa6 27. Qxa6 e3 28. Be1 f3 {[#]} 29. gxf3 $1 {aiming for Rcc7.White is clearly winning.} Rxf3 (29... Qf4 $142 30. Qe2 Qxf3 31. Qxf3 Rxf3) 30. Rcc7 Rg8 {[#]} 31. Rxg7 $1 Rxg7 32. Rc8+ {Precision: White = 84%, Black = 46%.} 1-0

[Event "RUS-ch Youth U21 Boys 2018"]
[Site "Loo"]
[Date "2018.04.23"]
[Round "4"]
[White "Ofitserian, Boris"]
[Black "Vavulin, Maksim"]
[Result "1-0"]
[WhiteElo "2418"]
[BlackElo "2569"]
[Annotator "TA"]
[PlyCount "111"]
[EventDate "2018.??.??"]
[EventType "tourn"]
[EventCountry "RUS"]
[SourceTitle "playchess.com"]
[Source "ChessBase"]
[SourceQuality "1"]

{[%evp 10,111,29,25,20,31,21,0,12,0,32,33,28,-6,30,28,45,47,45,0,57,0,107,115,190,100,142,135,130,63,50,22,25,60,54,50,161,89,97,68,87,85,111,108,161,158,130,120,166,156,200,188,205,203,291,233,242,227,312,224,306,241,359,364,371,329,330,239,337,331,327,325,320,320,476,441,414,321,312,320,543,516,647,566,564,564,525,463,596,580,683,663,5281,5193,29977,29978,29980,29980,29982,29983,29981,29982,29984,29985]} 1. d4 g6 2. c4 Bg7 3. Nc3 e6 4. e4 Ne7 5. Nf3 d5 6. Bg5 {LiveBook: 5 Games. A40: Unusual replies to 1 d4} (6. e5 Nbc6 7. Be2 h6 8. O-O O-O 9. Re1 b6 10. cxd5 Nxd5 11. Nxd5 Qxd5 12. Bd3 {1-0 (60) Onischuk,A (2681)-Ipatov,A (2665) Saint Louis 2018}) 6... dxe4 7. Nxe4 Nd7 8. Qa4 $146 {The position is equal.} ({Predecessor:} 8. Be2 h6 9. Bf4 g5 10. Be3 Nf5 11. Ng3 Nxe3 12. fxe3 {0-1 (50) Nedic,D (2348)-Fries Nielsen,J (2386) Germany 2014}) 8... O-O 9. Qa3 f6 10. Bd2 b6 11. Bd3 Bb7 12. O-O-O a6 13. Rhe1 $36 {[%mdl 2048] White is more active.} Re8 14. Bc2 Nf5 (14... b5 $11) 15. Qd3 (15. Kb1 $14) 15... Bf8 (15... Nd6 $11) 16. h4 $16 Ng7 {[#]} (16... c5 $16) 17. Bc3 (17. g4 $1 $18) 17... f5 18. Neg5 b5 19. cxb5 ({White should play} 19. d5 $16 bxc4 20. Qxc4) 19... Bd5 20. Bb3 Bxb3 21. axb3 h6 22. Nh3 ({Much worse is} 22. bxa6 hxg5 23. Nxg5 Qc8 $17) 22... Bd6 (22... axb5 $14 23. Kc2 (23. Qxb5 Rb8 $16) 23... c6) 23. Ne5 (23. bxa6 $18 {Hoping for Qe3.} Qb8 24. Kc2) 23... axb5 24. Qxb5 Nb6 25. Nf4 Qxh4 26. g3 Qg5 (26... Qh2 $16 {was necessary.}) 27. Nexg6 Nd5 28. Bd2 Nxf4 29. Nxf4 Qf6 30. Qc4 h5 31. Kc2 Kf7 (31... Rad8 $142 32. Rh1 Qf7) 32. Rh1 Rh8 33. Rh4 Rh7 34. Rdh1 Rah8 35. Ra1 Ne8 (35... Rd8 $142 36. Nd3 Kg8) 36. Re1 $18 Ng7 37. b4 Re8 38. Reh1 Kf8 (38... Qd8 {might work better.} 39. Re1 Rhh8) 39. Nxh5 Rxh5 40. Rxh5 Nxh5 41. Rxh5 Kf7 (41... f4 $142) 42. Rh7+ Kg8 43. Rh4 Qf7 44. b5 Rd8 $2 (44... Bf8 45. Bf4 Re7) 45. Rh6 Re8 46. Qc6 {Strongly threatening Qh1.} Bf8 {[#]} 47. Rf6 $1 {[%mdl 512]} Qxf6 48. Qxe8 f4 49. Bxf4 Qf5+ 50. Kd2 Qe4 51. Be5 Qf5 52. f4 {White mates.} Qg4 53. Bxc7 Qxg3 54. Qxe6+ Kh7 55. Qf5+ Kg8 56. Qg5+ {Precision: White = 51%, Black = 31%.} 1-0

[Event "RUS-ch Youth U21 Boys 2018"]
[Site "Loo"]
[Date "2018.04.24"]
[Round "5"]
[White "Vavulin, Maksim"]
[Black "Yeletsky, Ivan"]
[Result "1-0"]
[WhiteElo "2569"]
[BlackElo "2430"]
[Annotator "TA"]
[PlyCount "49"]
[EventDate "2018.??.??"]
[EventType "tourn"]
[EventCountry "RUS"]
[SourceTitle "playchess.com"]
[Source "ChessBase"]
[SourceQuality "1"]

{[%evp 9,49,0,135,125,161,157,156,160,166,168,196,185,220,212,197,104,121,97,211,214,421,401,376,221,427,278,274,272,637,487,485,484,692,675,857,850,828,839,29986,29987,29987,29988]} 1. e4 c5 2. Nc3 g6 3. Bc4 Bg7 4. Qf3 e6 5. d4 $146 ({Predecessor:} 5. Nb5 d6 6. Qg3 Ke7 7. d3 a6 8. Nc3 Nc6 9. Bb3 Nf6 10. Nf3 h6 11. h3 {½-½ (45) Anton Guijarro,D (2607)-Bu,X (2707) Doha 2014}) 5... Bxd4 (5... cxd4 $11 6. Nb5 d5 7. exd5 a6) 6. Nb5 $1 $16 {[%cal Rb5d6] aiming for Nd6+. B23: Closed Sicilian: Lines without g3} Be5 {[#] With the idea ...a6.} 7. Bf4 $1 {[%cal Rf4e5]} Nc6 8. Bxe5 {White is clearly better.} Nxe5 9. Qc3 f6 {[#] next ...d5 is good for Black.} 10. O-O-O $1 Nxc4 11. Qxc4 b6 12. Qd3 (12. Nh3 $18) 12... Kf8 13. Qg3 {Threatens to win with Nc7.} e5 (13... Bb7 $16) 14. f4 $18 d5 $2 (14... Qe7 {keeps fighting.} 15. Nc7 Rb8) 15. Rxd5 Qe7 16. Nf3 (16. fxe5 $142 Bb7 17. Rd2) 16... Bb7 $2 (16... Bd7 {was called for.}) 17. Rdd1 exf4 18. Qxf4 Qxe4 $2 (18... Kg7 19. Qc7 Qxc7 20. Nxc7 Rb8) 19. Qd2 Qc6 20. Nd6 Rd8 (20... Qd7 $142 21. Nxb7 Qxd2+ 22. Rxd2 Re8) 21. Qf4 Qc7 {and if ...Bxf3 works, Black does fine.} 22. Ng5 {Hoping for Ne6+.} Bc8 23. Rhe1 Bg4 24. Qxg4 fxg5 25. Qe6 {Precision: White = 85%, Black = 16%.} 1-0

[Event "RUS-ch Youth U21 Boys 2018"]
[Site "Loo"]
[Date "2018.04.24"]
[Round "5"]
[White "Sarana, Alexey"]
[Black "Paravyan, David"]
[Result "1/2-1/2"]
[WhiteElo "2556"]
[BlackElo "2614"]
[Annotator "TA"]
[PlyCount "55"]
[EventDate "2018.??.??"]
[EventType "tourn"]
[EventCountry "RUS"]
[SourceTitle "playchess.com"]
[Source "ChessBase"]
[SourceQuality "1"]

{[%evp 32,55,69,45,47,33,27,40,22,37,43,0,0,0,0,0,0,0,0,0,0,0,0,0,0,0]} 1. e4 e5 2. Nf3 Nc6 3. Bb5 a6 4. Ba4 Nf6 5. O-O Be7 6. Re1 b5 7. Bb3 O-O 8. c3 d5 9. exd5 Nxd5 10. Nxe5 Nxe5 11. Rxe5 c6 12. d4 Bd6 13. Re1 Qh4 14. g3 Qh3 15. Re4 g5 16. Qf1 {C89: Closed Ruy Lopez: Marshall Attack} Qh5 17. Nd2 {LiveBook: 67 Games} Bh3 (17... Bf5 18. f3 Rae8 19. Qf2 Nf6 20. Rxe8 Rxe8 21. Nf1 g4 22. Bd1 gxf3 23. Bxf3 Ng4 {½-½ (69) Short,N (2688)-Grandelius,N (2665) Malmo 2017}) 18. Qe2 {White is slightly better.} Qg6 $1 19. Nf3 f6 20. Ne1 Kh8 21. Bd2 Bf5 {The position is equal.} 22. f3 g4 23. Bxd5 cxd5 24. Re3 Bf4 $146 25. Re7 Bd6 26. Re3 Bf4 $1 27. Re7 Bd6 28. Re3 1/2-1/2

[Event "RUS-ch Youth U21 Boys 2018"]
[Site "Loo"]
[Date "2018.04.24"]
[Round "5"]
[White "Lomasov, Semen"]
[Black "Khanin, Semen"]
[Result "1-0"]
[WhiteElo "2536"]
[BlackElo "2468"]
[Annotator "TA"]
[PlyCount "65"]
[EventDate "2018.??.??"]
[EventType "tourn"]
[EventCountry "RUS"]
[SourceTitle "playchess.com"]
[Source "ChessBase"]
[SourceQuality "1"]

{[%evp 21,65,18,43,42,36,47,17,19,42,0,10,8,20,0,9,0,8,0,0,0,0,0,60,65,294,278,339,347,315,393,571,539,566,562,566,554,513,570,566,560,544,554,707,708,676,624]} 1. e4 c5 2. Nf3 e6 3. d4 cxd4 4. Nxd4 Nc6 {[%cal Bb8c6,Bc6e5,Be5g4][%mdl 32]} 5. Nc3 Qc7 6. Be3 a6 7. Qf3 {B48: Sicilian: Taimanov: 5 Nc3 Qc7 6 Be3 a6 without Be2} Nf6 8. O-O-O Ne5 9. Qg3 b5 {[%cal Bb7b5,Bb5b4][%mdl 32]} 10. f4 {[%cal Bf2f4,Bf4f5][%mdl 32]} (10. a3 Bb7 11. Bxb5 Rc8 12. Ba4 Nxe4 13. Nxe4 Bxe4 14. Bf4 Qc4 15. Bxe5 Qxa4 {1-0 (38) Vachier Lagrave,M (2789)-Anand,V (2776) Karlsruhe/Baden-Baden 2018}) 10... Neg4 11. Bg1 h5 {[#] LiveBook: 14 Games. And now ...b4 would win.} 12. e5 {Threatens to win with h3.} b4 $1 {[%cal Rb4c3]} 13. Na4 Nd5 14. h3 Nh6 15. f5 $146 Bb7 16. Bd3 Be7 $1 17. Be4 $36 {[%mdl 2048] White is more active.} O-O 18. Qf3 ({Of course not} 18. f6 Bxf6 19. Bh2 h4 $17) 18... Rac8 19. f6 gxf6 20. exf6 Bxf6 21. Bh2 Qd8 (21... d6 $1 $11) 22. Bd6 $14 Bg5+ $2 (22... Rc4 $14) 23. Kb1 $18 f5 {Strongly threatening ...Nf7.} 24. Bxd5 ({Not} 24. Qxh5 fxe4 25. Qg6+ Kh8 $18) 24... Bxd5 25. Qxh5 Qf6 (25... Rf7 $142 26. Be5 (26. Bxb4 Rc4 $16) 26... Bf6) 26. Bxf8 {White is clearly winning.} Rxf8 27. Nb6 Be3 28. Nxd5 exd5 29. Qf3 Qe5 30. Rhe1 f4 {[#]} 31. g3 $1 Qd6 (31... fxg3 32. Qxe3) 32. gxf4 Bxf4 33. Ne2 {Precision: White = 69%, Black = 48%.} 1-0

[Event "RUS-ch Youth U21 Boys 2018"]
[Site "Loo"]
[Date "2018.04.24"]
[Round "5"]
[White "Lobanov, Sergei"]
[Black "Triapishko, Alexandr"]
[Result "0-1"]
[WhiteElo "2481"]
[BlackElo "2509"]
[Annotator "TA"]
[PlyCount "88"]
[EventDate "2018.??.??"]
[EventType "tourn"]
[EventCountry "RUS"]
[SourceTitle "playchess.com"]
[Source "ChessBase"]
[SourceQuality "1"]

{[%evp 19,88,16,12,9,22,14,16,1,45,20,60,47,51,65,51,0,0,0,0,-40,10,11,76,-67,-74,-85,-90,-91,-14,-25,-29,-42,-45,-52,-34,-52,-50,-22,-18,-116,-59,-151,-148,-161,-159,-159,-165,-157,-146,-129,0,-179,-170,-182,-190,-191,-180,-181,-159,-281,-216,-214,-209,-238,-215,-256,-250,-29993,-29994,-29994,-29995]} 1. e4 e5 2. Nf3 Nc6 3. Bb5 a6 4. Ba4 d6 5. O-O Bd7 6. c3 Nf6 7. Re1 g6 8. d4 Bg7 9. d5 {C79: Ruy Lopez: Steinitz-type lines with 3...a6 4 Ba4 Nf6 5 0-0 d6} (9. Bxc6 Bxc6 10. dxe5 Nxe4 11. exd6 O-O 12. dxc7 Qxc7 13. Be3 Rad8 14. Nd4 Be5 15. h3 Bh2+ 16. Kh1 Bf4 {½-½ (60) Kasimdzhanov,R (2683)-Mamedyarov,S (2799) Riadh 2017}) 9... Ne7 10. c4 b5 {LiveBook: 3 Games} 11. Bc2 {The position is equal.} bxc4 12. Nbd2 O-O 13. Nxc4 Ne8 $146 ({Predecessor:} 13... Nh5 14. Bg5 h6 15. Bd2 f5 16. Nh4 Qe8 17. exf5 Nxf5 18. Nxf5 gxf5 {0-1 (54) Kuhne,D (2348)-Parshin,V (2330) ICCF email 2014}) 14. Bd2 h6 15. Rc1 f5 16. exf5 gxf5 17. Nfxe5 ({White should try} 17. Nh4 $14) 17... dxe5 $11 18. Nxe5 Nd6 19. Ba5 Be8 20. Bb3 Rc8 (20... Ra7 $1 $11) 21. Qc2 (21. Nc4 $1 $16 {[%cal Rc4d6]} Nxc4 22. Bxc4) 21... Bxe5 $1 $15 22. Rxe5 {[%cal Ra5c7]} Ng6 $1 {[%cal Rg6e5]} 23. Re3 {[%cal Ra5c7] [#]} Rf7 (23... f4 $1 $17 {[%cal Rf4e3]} 24. Re6 Qg5 25. Rxd6 Nh4) 24. Rh3 Nf4 25. Rg3+ Kh7 26. Qd2 Qh4 {Strongly threatening ...Ne4.} 27. Rf3 Ng6 $1 (27... Nxg2 28. Kxg2 Ba4 29. Bxa4 $18) 28. Rh3 Qf4 29. Qc2 (29. Re1 $1 $11) 29... Qe4 (29... Ne4 $17 30. Re1 Re7) 30. Bd2 (30. Re3 $15 Qxc2 31. Rxc2) 30... Nf4 $17 31. Bxf4 Qxf4 $40 {[%mdl 128] Black wants a kill.} 32. Re1 Bd7 33. Rc3 Bb5 34. Re6 {[#]} Bd7 (34... Rg7 $1 $17 35. g3 Ne4) 35. Rf3 $2 (35. Re1 $1 $11) 35... Qd4 $19 36. Rd3 Qb4 37. a3 Qb8 38. Re1 Re8 {[%cal Re8e1]} 39. Rc1 (39. Rde3 $17) 39... Rfe7 {( -> ...Re1+)} 40. h3 Re1+ 41. Rxe1 Rxe1+ 42. Kh2 Ne4 {aiming for ...Bb5.} 43. f3 $2 (43. d6 $19 cxd6 44. Bd5) 43... Qb6 {[%csl Ge1][%cal Rb6g1]} 44. fxe4 f4 {Precision: White = 28%, Black = 54%.} 0-1

[Event "RUS-ch Youth U21 Boys 2018"]
[Site "Loo"]
[Date "2018.04.24"]
[Round "5"]
[White "Drygalov, Andrey"]
[Black "Ofitserian, Boris"]
[Result "1/2-1/2"]
[WhiteElo "2434"]
[BlackElo "2418"]
[Annotator "TA"]
[PlyCount "81"]
[EventDate "2018.??.??"]
[EventType "tourn"]
[EventCountry "RUS"]
[SourceTitle "playchess.com"]
[Source "ChessBase"]
[SourceQuality "1"]

{[%evp 13,81,24,17,14,54,37,54,-12,-14,-14,-13,-11,-8,-47,-55,-38,-56,-48,-49,-35,-45,-34,-8,-50,-39,-81,-28,-29,-35,-35,-30,-23,-18,-40,-25,-31,-9,-9,-9,-12,-6,-8,0,-20,-16,-21,0,0,0,0,0,0,5,0,0,0,0,0,0,0,0,0,0,-3,0,0,-4,-6,0,0]} 1. e4 c5 2. Nf3 d6 3. Bb5+ Nd7 {[%cal Bb8d7,Bd7e5,Be5f3][%mdl 32]} 4. O-O a6 5. Bd3 Ngf6 6. Re1 {B51: Sicilian: Moscow Variation (3 Bb5+) without 3...Bd7} b5 (6... e6 7. c3 b5 8. Bc2 c4 9. a4 Bb7 10. axb5 axb5 11. Rxa8 Qxa8 12. Na3 Bxe4 13. Bxe4 Nxe4 {0-1 (59) Amin,B (2693)-Vidit,S (2718) Wijk aan Zee 2018}) 7. c4 Rb8 {LiveBook: 16 Games} 8. Bf1 Ne5 $146 ({Predecessor:} 8... e5 9. b4 cxb4 10. cxb5 axb5 11. d4 Be7 12. Bb2 Qc7 {1-0 (43) Demianjuk,A (2289)-Yandarbiev,R (2330) Taganrog 2017}) 9. cxb5 {Threatens to win with Nxe5.} axb5 10. a4 (10. Nxe5 $14 dxe5 11. d3) 10... Nxf3+ $1 $11 11. Qxf3 bxa4 12. Rxa4 e6 13. Nc3 Bd7 14. Ra6 Be7 15. Qd1 Rb4 16. b3 Qb8 17. Bc4 Qb7 18. Qe2 O-O 19. Ba3 {[#]} Rb6 ({Black should try} 19... Rxc4 $1 $17 {[%mdl 512]} 20. Qxc4 (20. bxc4 Qxa6) 20... Nxe4 21. Nxe4 (21. Rxe4 $2 d5 $19) 21... Bb5) 20. Rxb6 Qxb6 21. e5 dxe5 22. Qxe5 Bd6 23. Qg5 Qc7 {...Ra8 is the strong threat.} 24. Qh4 Bf4 25. Bxc5 {The position is equal.} Bxd2 26. Bxf8 Kxf8 27. Re3 $1 Qa7 28. Qg3 Bxe3 29. Qxe3 Qa1+ 30. Bf1 Qa3 31. Qb6 Ke7 32. h3 g5 33. Nb1 Qd6 34. Qe3 h6 35. Nc3 Qb4 36. Bc4 Bc6 37. Qd2 Qa3 38. Qe3 Qb4 39. Qd2 Qd6 40. Qe3 Qb4 41. Qd2 {Precision: White = 73%, Black = 68%.} 1/2-1/2

[Event "RUS-ch Youth U21 Boys 2018"]
[Site "Loo"]
[Date "2018.04.25"]
[Round "6"]
[White "Paravyan, David"]
[Black "Vavulin, Maksim"]
[Result "1-0"]
[WhiteElo "2631"]
[BlackElo "2570"]
[Annotator "TA"]
[PlyCount "95"]
[EventDate "2018.??.??"]
[EventType "tourn"]
[EventCountry "RUS"]
[SourceTitle "playchess.com"]
[Source "ChessBase"]
[SourceQuality "1"]

{[%evp 22,95,20,29,24,39,38,28,35,50,24,19,26,30,53,52,50,31,52,50,51,30,39,43,65,71,91,87,99,92,91,104,147,136,189,195,197,200,173,150,355,355,352,368,346,354,345,343,509,487,504,483,514,494,608,605,898,885,842,801,1834,1647,1482,1100,1374,1214,1109,1088,2046,1967,1762,1095,1756,1240,1233,1233]} 1. e4 e5 2. Nf3 Nc6 3. Bb5 a6 4. Ba4 Nf6 5. O-O Be7 6. d3 b5 7. Bb3 d6 8. a4 b4 9. Nbd2 O-O 10. a5 Be6 {C84: Closed Ruy Lopez: Unusual White 6th moves} (10... Rb8 11. Re1 Be6 12. Bxe6 fxe6 13. Nb3 Qc8 14. Qe2 Nd8 15. d4 exd4 16. Nbxd4 c5 17. Nb3 e5 18. Nbd2 Ne6 19. Nc4 Nd4 20. Nxd4 cxd4 {½-½ (43) Caruana,F (2807)-Carlsen,M (2822) Saint Louis 2017}) 11. Nc4 h6 12. Re1 {LiveBook: 8 Games} Nd7 $146 {White has an edge.} ({Predecessor:} 12... Rb8 13. h3 Qc8 14. Be3 Rd8 15. Qe2 Bf8 16. d4 Nxe4 17. dxe5 d5 18. Ncd2 Nc5 {0-1 (86) Ghaem Maghami,E (2574)-Sanal,V (2474) Doha 2016}) 13. Be3 Bf6 14. c3 bxc3 15. bxc3 Na7 16. Bxa7 Rxa7 17. Ne3 Nc5 18. Bxe6 Nxe6 19. Qa4 g6 20. Rab1 Bg7 21. d4 exd4 22. cxd4 {[%cal Bc3d4,Bd4d5][%mdl 32]} c5 {[%cal Re6d4]} 23. d5 $1 $36 {[%cal Rd5e6][%mdl 2048] White is in control.} Nc7 24. Rb6 Nb5 {[#]} 25. Nc4 $1 Kh7 26. h4 {[%cal Bh2h4,Bh4h5][%mdl 32]} Re8 27. h5 g5 {[#]} (27... gxh5 $16 28. Nxd6 Nxd6) 28. Nxd6 $1 $18 Nxd6 {[#]} 29. Rxd6 $1 {[%mdl 512]} Qxd6 30. Qxe8 Bc3 $2 (30... c4 $16 31. Qc8 c3) 31. Rb1 {Hoping for Rb8.} Re7 32. Qc8 {Strongly threatening Rb8.} Bb4 {If Black can now play ...Kg7 this consolidates a bit.} 33. Rd1 Bc3 34. Rd3 Bxa5 (34... Bd4 {was worth a try.} 35. Nxd4 cxd4 36. Rxd4 Qa3) 35. e5 {White is clearly winning.} Rxe5 36. Nxe5 Qxe5 37. Qxc5 {[%mdl 4096] Endgame KQR-KQB} Bc7 {[%cal Re5e1]} 38. g3 Bd6 39. Qe3 Qf5 40. Qf3 Qxf3 41. Rxf3 {KR-KB} Kg7 42. Rc3 Kf6 43. Rc8 a5 44. Ra8 g4 45. Rxa5 Ke5 46. Ra8 Be7 47. Re8 Kd6 48. Rg8 {Precision: White = 83%, Black = 34%.} 1-0

[Event "RUS-ch Youth U21 Boys 2018"]
[Site "Loo"]
[Date "2018.04.25"]
[Round "6"]
[White "Paravyan, David"]
[Black "Vavulin, Maksim"]
[Result "*"]
[WhiteElo "2631"]
[BlackElo "2570"]
[Annotator "TA"]
[PlyCount "39"]
[EventDate "2018.??.??"]
[EventType "tourn"]
[EventCountry "RUS"]
[SourceTitle "playchess.com"]
[Source "ChessBase"]
[SourceQuality "1"]

{[%evp 20,21,15,18]} 1. e4 e5 2. Nf3 Nc6 3. Bb5 a6 4. Ba4 Nf6 5. O-O Be7 6. d3 b5 7. Bb3 d6 8. a4 b4 9. Nbd2 O-O 10. a5 Be6 {C84: Closed Ruy Lopez: Unusual White 6th moves} 11. Nc4 {LiveBook: 44 Games} {Predecessor:} h6 $146 12. c3 bxc3 13. bxc3 Rb8 14. Re1 Re8 15. Ba4 Bd7 16. Ne3 Bf8 17. c4 Nb4 18. Nd5 Nfxd5 19. cxd5 Bxa4 20. Rxa4 {½-½ (60) Sandipan,C (2603)-Adams,M (2758) Germany 2015} *